Les États des États-Unis - Mort subite - Statistiques

Statistiques générales
  • Ce quiz a été pris 663 fois
  • Le résultat moyen est 11 sur 15
Answers on the Grid
Answers color-coded by a green-red scale on the quiz's grid according to % correct below.
Utah
Washington
New York
Los Angeles
Maryland
Chicago
Puerto Rico
Maine
Missouri
Colorado
Nouveau Colorado
Mississippi
Arizona
Californie
Sacramento
New Vermont
Vermont
Virginie
Virginie orientale
Michigan
Rhode Island
Rushmore
Massachusetts
Rocks
New Montana
Lafayette
Niagara
Îles Caïmans
San Diego
Rio Grande
 
Statistiques - réponses
Réponse % Correct
Californie
82%
Utah
80%
Arizona
79%
Colorado
78%
Michigan
78%
Mississippi
77%
Massachusetts
76%
Washington
75%
Missouri
74%
Virginie
74%
New York
70%
Vermont
68%
Maine
67%
Maryland
67%
Rhode Island
62%
Aucun quiz correspondant
Distribution des résultats
% des personnes avec chaque résultat
Percentile par nombre de réponses
Votre historique - résultats
Vous n’avez pas pris ce quiz